महाभारत - एक चींटी का (Record no. 1022144)

MARC details
000 -LEADER
fixed length control field 01003nam a2200277Ia 4500
003 - CONTROL NUMBER IDENTIFIER
control field OSt
005 - DATE AND TIME OF LATEST TRANSACTION
control field 20221005111540.0
008 - FIXED-LENGTH DATA ELEMENTS--GENERAL INFORMATION
fixed length control field 221004b |||||||| |||| 00| 0 mar d
020 ## - INTERNATIONAL STANDARD BOOK NUMBER
International Standard Book Number 8126017074 (hbk)
037 ## - SOURCE OF ACQUISITION
Terms of availability Textual
040 ## - CATALOGING SOURCE
Original cataloging agency CRL
Transcribing agency CRL
Language of cataloging mar
041 ## - LANGUAGE CODE
Source of code mar
Language code of text/sound track or separate title mar
100 ## - MAIN ENTRY--PERSONAL NAME
Personal name गाडगील, गंगाधर, ले.
245 #0 - TITLE STATEMENT
Title महाभारत - एक चींटी का
246 ## - VARYING FORM OF TITLE
Title proper/short title Mahābhārat - ek chīanṭī kā
260 ## - PUBLICATION, DISTRIBUTION, ETC.
Place of publication, distribution, etc. नई दिल्ली
Name of publisher, distributor, etc. साहित्य अकादेमी भारत
Date of publication, distribution, etc. 2003
300 ## - PHYSICAL DESCRIPTION
Extent 802पृ0
Dimensions cm.
650 ## - SUBJECT ADDED ENTRY--TOPICAL TERM
Topical term or geographic name entry element मराठी साहित्य
650 ## - SUBJECT ADDED ENTRY--TOPICAL TERM
Topical term or geographic name entry element मराठी कहानी
942 ## - ADDED ENTRY ELEMENTS (KOHA)
Classification part O155,3N23w, 152P3
Koha item type Textual
Source of classification or shelving scheme
Holdings
Withdrawn status Lost status Damaged status Not for loan Home library Current library Date acquired Source of acquisition Total Checkouts Full call number Barcode Date last seen Price effective from Koha item type Public note
        Central Library Central Library 2022-10-05 Gift, 10/01/2019,   O155,3N23w 152P3 CL1172563 2022-10-05 2022-10-05 Textual Translated from Marathi to Hindi
Copyright @ Delhi University Library System